01063nam a2200301Ia 450000500170000000800270001702000180004410000440006224501180010625000350022430000260025950000210028565000270030665000370033365000420037065000290041265000310044170000400047270000570051294200150056926400280058433600270061233700330063933800280067204000350070008400110073599900150074620220317000311.0141031s9999 ck 000 0 spa d a97897062714191 aGoethe, Johann Wolfang Von, d1749-183210aFausto cJohann Wolfgang Goethe ; prólogo por Gloria Domínguez Castañeda ; traducción de Jaime Gómez R. a1a ediciónb2a reimpresión a350 páginasc22 cm. aIncluye índice142LEMBaAutores alemanes142LEMBaTeatro alemanySiglo XVIII142LEMBaLiteratura alemanaySiglo XVIII142LEMBaBien y malvTeatro142LEMBaRomanticismovTeatro1 aGómez R., Jaimeetraductor9129951 aDomínguez Castañeda, Gloria eprologuista913003 2loccBKLIT aMéxicobÉpocac2009 atextobtxt2rdacontent asin mediaciónbn2rdamedia avolumenbnc2rdacarrier aCO-BoRNBPbspaerdacCO-BoRNBP aT GOE1 c3659d3659